000
00285nam a2200145Ia 4500
100
_a
Jeffrey Archer
650
_a
Ficiton
942
_c
BK
366
_f
20
245
_a
Eleventh commandment
260
_b
Harper collins
_c
1998
300
_a
371
546
_a
ENGLISH
999
_c
25437
_d
25437